000 00577cad a22002175a 4500
001 L159767
008 150226s2016 xxk f 000 0 eng d
035 _a(Sirsi) u159767
041 0 _aeng
100 1 _aRoss, Matt
245 0 0 _aLet it grow
260 _c2016
490 _aModus
_vMay 2016, 25-28 (4)
520 _aDiscusses the devolution of power to the UK regions, and the opportunities for the new mayors.
590 _aKA
650 2 4 _aDEVOLUTION
650 2 4 _aCITIES
651 4 _aUnited Kingdom
_y
690 _aPlanning and development
_96259
942 _n0
999 _c84972
_d84972